000
00350 a2200169 4500
001
184919
020
_a
978-85-08-08301-5
040
_c
Magnum
100
_a
Oliveira, José Carlos
240
1
0
_a
Crônicas 7
_l
por
245
1
0
_a
Crônicas 7
300
_a
99
362
0
_a
2007
440
1
_a
Ática
697
_a
LITERATURA JUVENIL
942
_c
BK
999
_c
184919
_d
184919